000 00397nam a22001217a 4500
005 20260629120932.0
100 _aKianat Aftab
_a21MSSE-18
_aSupervisor - Prof. Dr. Mukhtiar Ahmed Memon
_91024
245 _aAdaptive Triangular Node Controlling Routing ATNCR ( Thesis MS)
260 _aNawabshah
_bQUEST
_c2025
300 _a86p.
700 _aDepartment of Information Technology
_9954
942 _cTHESIS
999 _c69082
_d69079